{"text_format":"3","workbook":"xlsx","n_sheets":1,"sheets":["Sheet1"],"read":"whole","date_system":"1900"}

{"sheet":"Sheet1","index":0,"n_rows":67,"n_cols":7,"rows_kept":67,"merged":[[1,0,46,0],[47,0,62,0],[63,0,65,0]]}
["分类","序号","名称/品牌","单价","采购数量","计量单位","总价"]
["办公用品",1,"可加墨白板笔",3.5,10,"支",{"$f":"SUM(D2*E2)","v":35}]
[null,2,"白板墨水",5,4,"瓶",20]
[null,3,"格尺",4.5,2,"把",9]
[null,4,"剪刀",6.5,2,"把",13]
[null,5,"美工刀",8.5,2,"把",17]
[null,6,"笔筒",9.5,3,"个",28.5]
[null,7,"台笔",4.5,5,"支",22.5]
[null,8,"铅笔",12,4,"支/盒",48]
[null,9,"签字笔（黑色）",3.5,30,"支",105]
[null,10,"签字笔（红色）",3,10,"支",30]
[null,11,"笔芯（黑色）",0.5,null,"个",0]
[null,12,"笔芯（红色）",0.5,null,"个",0]
[null,13,"橡皮擦",5,3,"个",15]
[null,14,"回形针",2.5,10,"盒",25]
[null,15,"印台",8,2,"个",{"$f":"SUM(D16*E16)","v":16}]
[null,16,"印油",5,2,"瓶",10]
[null,17,"订书机三件套装",20,2,"个",40]
[null,18,"燕尾夹（小号）",15.8,10,"个",158]
[null,19,"燕尾夹（中号）",19.8,20,"个",396]
[null,20,"燕尾夹（大号）",25,10,"个",250]
[null,21,"口取纸",2.5,1,"包",2.5]
[null,22,"便利贴",5,1,"袋",5]
[null,23,"荧光分类贴",6,1,"包",6]
[null,24,"固体胶",2,4,"个",8]
[null,25,"双面胶",5.5,10,"个",55]
[null,26,"封箱胶带",6.5,4,"个",26]
[null,27,"厚双面泡沫胶",8,2,"个",16]
[null,28,"计算器",28,2,"个",56]
[null,29,"档案盒",16.8,10,"个",168]
[null,30,"文件架",28,4,"个",112]
[null,31,"资料册",20,4,"个",80]
[null,32,"抽杆夹",4,20,"个",80]
[null,33,"11孔活页夹",15,6,"个",90]
[null,34,"11孔文件袋",10,2,"包",20]
[null,35,"牛皮纸档案袋",1.5,40,"个",60]
[null,36,"笔记本（小）",8,20,"本",160]
[null,37,"笔记本（大）",12,10,"本",120]
[null,38,"激光翻页笔",68,1,"支",68]
[null,39,"5号电池",19.8,10,"节",198]
[null,40,"7号电池",19.8,10,"节",198]
[null,41,"A4纸",28,10,"包",280]
[null,42,"彩色打印纸",50,1,"包",50]
[null,43,"硒鼓",135,1,"个",135]
[null,44,"扎带",0.15,100,"个",15]
[null,45,"一次性杯子",0.25,200,"只",{"$f":"SUM(D46*E46)","v":50}]
[null,46,"矿泉水",36,4,"箱",144]
["清洁消毒品",47,"平拖",79,2,"把",158]
[null,48,"扫把+簸箕",35.8,2,"个",71.6]
[null,49,"洗衣粉",38,1,"袋",38]
[null,50,"小苏打",10,4,"袋",40]
[null,51,"杯刷",9.9,2,"个",19.8]
[null,52,"抹布",8.5,10,"个",85]
[null,53,"垃圾桶",18,4,"个",72]
[null,54,"垃圾袋",0.25,200,"个",50]
[null,55,"84消毒液",9.9,2,"瓶",19.8]
[null,56,"洗手液",15,2,"瓶",30]
[null,57,"体温枪",148,1,"个",148]
[null,58,"水银体温计",29.8,1,"个",29.8]
[null,59,"酒精棉片",20,4,"盒",80]
[null,60,"酒精棉球",21.5,2,"瓶",43]
[null,61,"喷壶",22,2,"个",44]
[null,62,"酒精",15,2,"瓶",30]
["电子类",63,"碎纸机",398,1,"台",398]
[null,64,"插排",48.5,4,"个",194]
[null,65,"5升恒温保温烧水壶",298,1,"个",298]
[{"$nulls":6},{"$f":"SUM(G2:G66)","v":5289.500000000001}]